Statistics for 2015 NHL Entry Draft 1st Round Selections

Click here to take the quiz!

General Stats

  • This quiz has been taken 762 times
  • The average score is 15 of 30

Answer Stats

PickPlayerJunior TeamNHL Team% Correct
1Connor McDavidErie OttersEdmonton Oilers
100%
2Jack EichelBoston UniversityBuffalo Sabres
95%
4Mitch MarnerLondon KnightsToronto Maple Leafs
94%
3Dylan StromeErie OttersArizona Coyotes
80%
16Matthew BarzalSeattle ThunderbirdsNew York Islanders
75%
14Jake DeBruskSwift Current BroncosBoston Bruins
69%
17Kyle ConnorYoungstown PhantomsWinnipeg Jets
68%
10Mikko RantanenTPSColorado Avalanche
65%
18Thomas ChabotSaint John Sea DogsOttawa Senators
63%
8Zach WerenskiUniversity of MichiganColumbus Blue Jackets
63%
5Noah HanifinBoston CollegeCarolina Hurricanes
61%
9Timo MeierHalifax MooseheadsSan Jose Sharks
60%
7Ivan ProvorovBrandon Wheat KingsPhiladelphia Flyers
58%
6Pavel ZachaSarnia StingNew Jersey Devils
54%
13Jakub ZborilSaint John Sea DogsBoston Bruins
51%
23Brock BoeserWaterloo Black HawksVancouver Canucks
47%
24Travis KonecnyOttawa 67sPhiladelphia Flyers
41%
15Zachary SenyshynSault Ste. Marie GreyhoundsBoston Bruins
40%
19Evgeny SvechnikovCape Breton Screaming EaglesDetroit Red Wings
34%
20Joel Eriksson EkFarjestad BKMinnesota Wild
33%
22Ilya SamsonovMetallurg MagnitogorskWashington Capitals
32%
11Lawson CrouseKingston FrontenacsFlorida Panthers
30%
28Anthony BeauvillierShawinigan CataractesNew York Islanders
29%
21Colin WhiteUSNTDPOttawa Senators
28%
26Noah JuulsenEverett SilvertipsMontreal Canadiens
26%
25Jack RoslovicUSNTDPWinnipeg Jets
24%
30Nick MerkleyKelowna RocketsArizona Coyotes
19%
27Jacob LarssonFrolunda HCAnaheim Ducks
17%
29Gabriel CarlssonLinkopings HCColumbus Blue Jackets
16%
12Denis GuryanovLada TogliattiDallas Stars
15%

Score Distribution

Percentile by Number Answered

Percent of People with Each Score

Your Score History

You have not taken this quiz